| 000 | 02971cam a2200397 a 4500 | ||
|---|---|---|---|
| 001 | 17086878 | ||
| 003 | OSt | ||
| 005 | 20230519122137.0 | ||
| 008 | 111216s2013 nyua b 001 0 eng | ||
| 010 | _a 2011051860 | ||
| 020 | _a9780415892667 (hardback) | ||
| 020 | _a9780415892674 (pbk.) | ||
| 020 | _a9780203145753 (ebook) | ||
| 040 |
_aDLC _cDLC _dDLC |
||
| 042 | _apcc | ||
| 050 | 0 | 0 |
_aPN1995.9 _b.L35 2013 |
| 100 | 1 |
_aLancaster, Kurt, _d1967- |
|
| 245 | 1 | 0 |
_aVideo journalism for the web : _ba practical introduction to documentary storytelling / _cKurt Lancaster. |
| 246 | 3 | _aPractical introduction to documentary storytelling | |
| 260 |
_aNew York : _bRoutledge, _c2013. |
||
| 300 | _axii, 154 p. : | ||
| 500 | _a"Simultaneously published in the UK"--T.p. verso. | ||
| 504 | _aIncludes bibliographical references and index. | ||
| 505 | 0 | _aForeword by Brian Storm -- Introduction : what is documentary journalism? -- Differences in style : documentary journalism vs. broadcast news : a comparative analysis of a similar story at CNN vs. The New York times -- Interlude : on backpack journalism : from an interview with Bill Gentile, American University -- Finding a story and shaping the structure : starting with character in Jigar Mehta's The recession proof artist -- Interlude : becoming a documentary journalist : from an interview with the Renaud Brothers -- Shooting the image : composition and lighting in Travis Fox's Narcocorridos and Nightlife in Mexicali and Crisis in Darfur Expands -- Interlude : short video documentaries : from an interview with Ann Derry, video director, The New York Times -- Conducting interviews and writing a script : Icarus refried : a pro-creative process -- Interlude : the most important journalists : from an interview with Jimmy Orr, managing editor, online,The Los Angeles times -- Editing for rhythm : Travis Fox's redefining China's family : women -- Interlude: starting out as a multimedia journalist : from an interview with Angela Morris, freelance video journalist -- Getting clean audio and crafting a sound design : an audio workshop with Philip Bloom, Travis Fox, and Wes Pope -- Interlude : the importance of blogging and the watchdog reporter : from an interview with John Yemma, editor, The Christian Science monitor -- The blogging journalist : Travis Fox and the Mexican border stories -- Conclusion -- Afterword : "new voices" by Bob Sacha. | |
| 650 | 0 |
_aDocumentary films _xProduction and direction. |
|
| 650 | 0 | _aVideo journalism. | |
| 650 | 0 | _aOnline journalism. | |
| 650 | 0 | _aDigital video. | |
| 650 | 0 |
_aJournalism _xAuthorship. |
|
| 650 | 0 | _aReporters and reporting. | |
| 650 | 0 |
_aJournalism _xTechnological innovations. |
|
| 650 | 0 |
_aJournalists _vInterviews. |
|
| 906 |
_a7 _bcbc _corignew _d1 _eecip _f20 _gy-gencatlg |
||
| 942 |
_2lcc _cBK |
||
| 999 |
_c20124 _d20123 |
||